Statistics for General Knowledge #1 by Jimmy427

Click here to take the quiz!

General Stats

  • This quiz has been taken 22 times
    (3 since last reset)
  • The average score is 3 of 10

Answer Stats

HintAnswer% Correct
Largest Empire to DateBritish
67%
Westernmost Nordic countryIceland
67%
Invaded Korea in 1592Japan
67%
The Knack's most popular songMy Sharona
67%
First person mentioned in Billy Joel's "We Didn't Start the Fire"Harry Truman
33%
Largest Canadian ProvinceQuebec
33%
Year China Became "Red"1927
0%
Longest Existing NFL Team NameCardinals
0%
The Five Leaders Elected Annually in SpartaEphors
0%
Area where organized civilization beganFertile Crescent
0%

Score Distribution

Percentile by Number Answered

Percent of People with Each Score

Your Score History

You have not taken this quiz since the last reset